[Event "Pan American-ch"]
[Site "Cartagena"]
[Date "2012.07.07"]
[Round "8"]
[White "Bernal Montiel, Alejandro"]
[Black "Petro, Jose Felipe"]
[Result "0-1"]
[WhiteElo "1558"]
[BlackElo "1768"]
[PlyCount "62"]
[EventDate "2012.07.04"]
[EventType "swiss"]
[EventRounds "9"]
[EventCountry "COL"]
[SourceTitle "CBM 149 Extra"]
[Source "ChessBase"]
[SourceDate "2012.08.24"]
[SourceVersion "1"]
[SourceVersionDate "2012.08.24"]
[SourceQuality "1"]

1. e4 c5 2. Nf3 d6 3. d4 cxd4 4. Nxd4 Nf6 5. Nc3 a6 6. Be3 e6 7. f3 Be7 8. Qd2 b5 9. 0-0-0 Bb7 10. g4 h6 11. h4 Nc6 12. Nxc6 Bxc6 13. Bd3 Qc7 14. g5 hxg5 15. hxg5 Nh5 16. Ne2 0-0-0 17. Nf4 Nxf4 18. Bxf4 Kb7 19. Kb1 e5 20. Be3 Bd7 21. c3 Be6 22. Bc2 Rxh1 23. Rxh1 d5 24. exd5 Bxd5 25. Qf2 Qc6 26. Rf1 Bc4 27. Be4 Bd3+ 28. Bxd3 Rxd3 29. Kc1 Qc4 30. Kb1 Rxe3 31. Rd1 Rd3 0-1